Statystyki dla 15 najbardziej dotkniętych krajów Covid-19 - 24 maja

Kliknij tutaj aby rozwiązać quiz!

Ogólne statystyki

  • Ten quiz został rozwiązany 90 razy
  • Średni wynik to 14 z 25

Statystyki odpowiedzi

kraj% Poprawnych
Chiny
98%
Stany Zjednoczone
95%
Włochy
93%
Hiszpania
91%
Rosja
89%
Niemcy
86%
Brazylia
85%
Wielka Brytania
85%
Francja
84%
Indie
82%
Kanada
82%
Iran
55%
Szwecja
55%
Turcja
55%
Belgia
41%
Arabia Saudyjska
34%
Peru
34%
Chile
33%
Irlandia
29%
Szwajcaria
26%
Białoruś
18%
Katar
8%
Singapur
8%
Bahrajn
5%
Kuwejt
5%

Rozkład punktacji

Percentyl według liczby udzielonych odpowiedzi

Procent ludzi z każdym wynikiem

Twoja historia wyników

Nie rozwiązałeś tego quizu